000 00674nam a2200253Ia 4500
003 OSt
005 20221006144007.0
006 a|||||r|||| 00| 0
007 ta
008 221006b |||||||| |||| 00| 0 eng d
020 _c274.00
024 _a10,599
037 _cTextual
040 _aEASL
_cEASL
_beng
041 _2eng
_aeng
082 _aW691vN8, M7
100 _aOZINGA James R
_9131731
245 0 _aCommunism
_b The story of the idea and its implementation
260 _aNew Jersey
_bPrentice-Hall
_c1987
300 _a252p.
_ccm.
490 _v Oth
942 _hW691vN8, M7
_cTEXL
_2CC
999 _c1078685
_d1078685